ငဝ်ႈႁၢၵ်ႈတေႇရဝႃႇတ / (Record no. 24785)
[ view plain ]
| 000 -LEADER | |
|---|---|
| fixed length control field | 00805nam a22002057a 4500 |
| 003 - CONTROL NUMBER IDENTIFIER | |
| control field | OSt |
| 005 - DATE AND TIME OF LATEST TRANSACTION | |
| control field | 20260123083905.0 |
| 008 - FIXED-LENGTH DATA ELEMENTS--GENERAL INFORMATION | |
| fixed length control field | 230526b ||||| |||| 00| 0 eng d |
| 040 ## - CATALOGING SOURCE | |
| Transcribing agency | SSBUL |
| 041 ## - LANGUAGE CODE | |
| Language code of text/sound track or separate title | Shan |
| 082 ## - DEWEY DECIMAL CLASSIFICATION NUMBER | |
| Edition number | 23 |
| Classification number | 294.391 |
| 245 00 - TITLE STATEMENT | |
| Title | ငဝ်ႈႁၢၵ်ႈတေႇရဝႃႇတ / |
| Statement of responsibility, etc. | လုၵ်ႈႁဵၼ်းၶေႃႈလဵၵ်ႉ သႃႇရိပုတ်တ Diploma ပီၼိုင်ႈ / |
| 260 ## - PUBLICATION, DISTRIBUTION, ETC. | |
| Place of publication, distribution, etc. | တူၼ်ႈတီး၊ |
| Name of publisher, distributor, etc. | ဝူင်းဝၼ်း၊ |
| Date of publication, distribution, etc. | 2016 ။ |
| 300 ## - PHYSICAL DESCRIPTION | |
| Extent | 235 ၼႃႈ၊ |
| Other physical details | ပႃးၶႅပ်းႁၢင်ႈ၊ |
| Dimensions | 21 ၸိၼ်ႇတီႇ။ |
| 500 ## - GENERAL NOTE | |
| General note | S-SAT: Dr. Prof Sai Aung Tun |
| 650 ## - SUBJECT ADDED ENTRY--TOPICAL TERM | |
| Topical term or geographic name entry element | ထေႇရဝႃႇတ - ပုတ်ႉထၽႃႇသႃႇ |
| 942 ## - ADDED ENTRY ELEMENTS (KOHA) | |
| Koha item type | Books (Long term) |
| 650 ## - SUBJECT ADDED ENTRY--TOPICAL TERM | |
| 9 (RLIN) | 24470 |
| Source of classification or shelving scheme | |
| Source of classification or shelving scheme | |
| Withdrawn status | Lost status | Source of classification or shelving scheme | Damaged status | Not for loan | Collection Code | Permanent Location | Current Location | Shelving location | Date acquired | Total Checkouts | Full call number | Barcode | Date last seen | Price effective from | Koha item type | Accession | Date last checked out |
|---|---|---|---|---|---|---|---|---|---|---|---|---|---|---|---|---|---|
| Tai Collection | Shan State Buddhist University Library | Shan State Buddhist University Library | Tai Shelves | 26/05/2023 | 294.391 ငဝ်ႈ 357(1) | SH00000357 | 26/05/2023 | 26/05/2023 | Books (Long term) | ႓႕႗(1) | |||||||
| Tai Collection | Shan State Buddhist University Library | Shan State Buddhist University Library | Tai Shelves | 26/05/2023 | 1 | 294.391 ငဝ်ႈ 358(2) | SH00000358 | 28/05/2024 | 26/05/2023 | Books (Long term) | ႓႕႘(2) | 16/05/2024 | |||||
| Tai Collection | Shan State Buddhist University Library | Shan State Buddhist University Library | Tai Shelves | 26/05/2023 | 294.391 ငဝ်ႈ 359(3) | SH00000359 | 26/05/2023 | 26/05/2023 | Books (Long term) | ႓႕႙(3) | |||||||
| Tai Collection | Shan State Buddhist University Library | Shan State Buddhist University Library | Tai Shelves | 26/05/2023 | 294.391 ငဝ်ႈ 3295(4) | SH00003295 | 26/05/2023 | 26/05/2023 | Books (Long term) | ႓႒႙႕(4) | |||||||
| Tai Collection | Shan State Buddhist University Library | Shan State Buddhist University Library | Tai Shelves | 26/05/2023 | 294.391 ငဝ်ႈ 2479-S-SAT | SH00002479 | 26/05/2023 | 26/05/2023 | Books (Long term) | 2479-S-SAT |